000 00171nam a22000857a 4500
999 _c12592
_d12592
082 _a150
100 _aCharles Stangor
245 _aSocial Psychology Principles
942 _cBK